000 01139nam a22002777a 4500
001 BR8201526
003 BR-BrBNA
005 20230928091256.0
007 ta
008 230509b bl.||||| |||| 00| 0 por d
040 _aBR-BrBNA
_bpor
_cBiblioteca Nacional de Agricultura
041 _a(Por)
072 _aH10
_b1624
_b4020
090 _ 1624 BR8201526
100 1 _aVendramim, J.D.
110 1 _aEscola Superior de Agricultura Luiz de Queiroz, Piracicaba, SP (Brasil)
_0Tese (Doutor em Agronomia)
245 1 _aInfluencia de cultivares de couve (Brassica oleracea L. var. acephala)na biologia e nutricao de Agrotis subterranea (Fabricius, 1794)(Lepidoptera-Noctuidae)[Lagarta rosca]
246 1 _aInfluence of green cole cultivars (Brassica oleracea L. var. acephala)in the biology and nutrition of Agrotis subterranea (Fabricius, 1794)(Lepidoptera-Noctuidae)
260 3 _aPiracicaba, SP (Brasil):
_c1982.
300 _a134 p.
500 _a14 illus.; 22 tables; Bibliography p. 99-112 (93 ref.); Summaries (Eng, Por)
650 _aCOUVE
650 _aLAGARTA ROSCA
909 _a202309
_bLucia
_c55
_dLucia Elande
942 _cBK
999 _c33159
_d33159